000 00482nam a2200181Ia 4500
001 19445
005 20260306172653.0
008 260306t2013||||xx |||||||||||||| ||spa||
041 _aESP
082 _a343.2C13
_bL22 2013
100 _aLanda Arroyo, César
_eAUT
245 0 _aConstitución Política del Perú 1993:
_bsumillas; reformas constitucionales; índice analítico
260 _c2013
300 _a
_c
650 _aGEN
654 _aCDE
942 _cLIB
_dJUS
_fJUS
_2ddc
_n
999 _c19445
_d19445